[Event "Banff op"]
[Site "Banff CAN"]
[Date "2021.11.14"]
[Round "6.16"]
[White "McLeod, Logan"]
[Black "Pivovarov, Juraj"]
[Result "1-0"]
[WhiteElo "1912"]
[BlackElo "1987"]
[PlyCount "109"]
[EventDate "2021.11.12"]
[EventType "swiss"]
[EventRounds "6"]
[EventCountry "CAN"]

1. e4 c5 2. Nf3 d6 3. d4 cxd4 4. Nxd4 Nf6 5. Nc3 a6 6. Be3 e5 7. Nf3 Nbd7 8.
Bc4 b5 9. Bd5 Nxd5 10. Qxd5 Rb8 11. Ng5 Qf6 12. Qc6 Bb7 13. Qc7 Qd8 14. Qxd8+
Rxd8 15. O-O-O h6 16. Nh3 b4 17. Nd5 Bxd5 18. exd5 Be7 19. f3 O-O 20. Nf2 f5
21. Nd3 Rb8 22. c3 Rfc8 23. Kd2 bxc3+ 24. bxc3 a5 25. Rb1 Bf6 26. Rxb8 Rxb8 27.
Kc2 Rc8 28. Nb2 e4 29. Na4 exf3 30. gxf3 Rc4 31. Kb3 Rh4 32. h3 Ne5 33. f4 Nd3
34. Rf1 Rxh3 35. Bb6 Rh4 36. Be3 Bd8 37. Kc4 Ne5+ 38. Kb5 Ng6 39. Kc6 Be7 40.
Nb6 Rh2 41. a4 Ra2 42. Bd4 Kf7 43. Nc8 Rxa4 44. Nxd6+ Bxd6 45. Kxd6 Rc4 46. Rb1
Nxf4 47. Rb7+ Ke8 48. Re7+ Kf8 49. Bxg7+ Kg8 50. Bxh6 a4 51. Bxf4 Rxf4 52. Kc5
Re4 53. Rxe4 fxe4 54. d6 a3 55. d7 1-0

[Event "Banff op"]
[Site "Banff CAN"]
[Date "2021.11.14"]
[Round "6.17"]
[White "Su, Ethan"]
[Black "Wu, Jonathan"]
[Result "0-1"]
[WhiteElo "1953"]
[BlackElo "1833"]
[PlyCount "126"]
[EventDate "2021.11.12"]
[EventType "swiss"]
[EventRounds "6"]
[EventCountry "CAN"]

1. d4 Nf6 2. Nf3 g6 3. c4 Bg7 4. g3 c6 5. Bg2 O-O 6. O-O d5 7. Nbd2 Bf5 8. b3
Nbd7 9. Bb2 a5 10. Nh4 Be6 11. f4 Ng4 12. Qc1 f5 13. Ndf3 Ndf6 14. Ng5 Bf7 15.
Nhf3 Ne4 16. Nxe4 dxe4 17. Ne5 Nxe5 18. fxe5 a4 19. Rd1 axb3 20. axb3 Qb6 21.
Qc3 Rfd8 22. e3 e6 23. Ba3 Re8 24. c5 Qc7 25. Bb4 g5 26. Ba5 Qe7 27. b4 Bh5 28.
Rf1 Be2 29. Rf2 Ba6 30. Bf1 g4 31. Qb3 Bh6 32. Bxa6 Rxa6 33. Ra3 Qd7 34. Qc4
Kh8 35. Rb2 Rea8 36. Rab3 Qf7 37. Qe2 Qh5 38. Kf1 Qf7 39. Ke1 Qd7 40. Kd1 Qd5
41. Kc2 Bg5 42. Rb1 Bh6 43. Rh1 Rg8 44. h3 Bf8 45. Kc3 Ra8 46. hxg4 Rxg4 47.
Rh3 Qd7 48. Rb1 Re8 49. Rbh1 Re7 50. Qh2 Reg7 51. Rg1 Qf7 52. Rh6 Be7 53. Rh3
Qg6 54. Kd2 Bg5 55. Ke2 f4 56. exf4 Bxf4 57. Bd8 Bxg3 58. Rf1 Bxh2 59. Rf8+ Rg8
60. Bf6+ Qxf6 61. Rxf6 Rg2+ 62. Ke3 R2g4 63. Rf2 Bg1 0-1

[Event "Banff op"]
[Site "Banff CAN"]
[Date "2021.11.14"]
[Round "6.18"]
[White "Zeggelaar, Mike"]
[Black "Booker, Brad"]
[Result "0-1"]
[WhiteElo "1920"]
[BlackElo "2123"]
[PlyCount "62"]
[EventDate "2021.11.12"]
[EventType "swiss"]
[EventRounds "6"]
[EventCountry "CAN"]

1. d4 Nf6 2. c4 g6 3. Nc3 Bg7 4. e4 d6 5. Nf3 O-O 6. Be2 c6 7. O-O Nbd7 8. Be3
e5 9. d5 cxd5 10. cxd5 Ng4 11. Qd2 Nxe3 12. Qxe3 f5 13. Nd2 f4 14. Qd3 Nf6 15.
Rfc1 g5 16. Nb5 Ne8 17. Bh5 a6 18. Bxe8 axb5 19. Bxb5 g4 20. f3 h5 21. a4 Rf7
22. a5 Bf8 23. Nc4 Rg7 24. Nb6 Rxa5 25. Nxc8 Rxa1 26. Rxa1 Qxc8 27. Kf1 Qc5 28.
Qc4 gxf3 29. Qxc5 fxg2+ 30. Kg1 dxc5 31. Rc1 f3 0-1

[Event "Banff op"]
[Site "Banff CAN"]
[Date "2021.11.14"]
[Round "6.19"]
[White "Chen, Jeffrey"]
[Black "Ming, Jerry"]
[Result "1-0"]
[WhiteElo "1977"]
[BlackElo "1684"]
[PlyCount "75"]
[EventDate "2021.11.12"]
[EventType "swiss"]
[EventRounds "6"]
[EventCountry "CAN"]

1. e4 c5 2. Nc3 e6 3. Nf3 Nc6 4. g3 Nf6 5. Bg2 Qc7 6. O-O Be7 7. d3 O-O 8. Bf4
d6 9. Nb5 Qb8 10. Nc3 Bd7 11. Re1 e5 12. Bg5 h6 13. Bd2 Be6 14. Nh4 Nd4 15. Ne2
Nxe2+ 16. Qxe2 Qc8 17. Bh1 Ne8 18. Ng2 b5 19. f4 exf4 20. gxf4 Nf6 21. Ne3 Rb8
22. f5 Bd7 23. Kf2 Nh7 24. Rg1 Ng5 25. Qg4 Bf6 26. Nd5 Bd4+ 27. Be3 Qd8 28.
Bxd4 cxd4 29. h4 f6 30. hxg5 fxg5 31. Qh5 Be8 32. Qh2 Rc8 33. Rac1 Bc6 34. Nb4
d5 35. Nxc6 Rxc6 36. Qe5 dxe4 37. Bxe4 g6 38. Qd5+ 1-0

[Event "Banff op"]
[Site "Banff CAN"]
[Date "2021.11.14"]
[Round "6.20"]
[White "Kowalyk, Tim"]
[Black "Darvekar, Yash"]
[Result "1/2-1/2"]
[WhiteElo "1690"]
[BlackElo "1761"]
[PlyCount "138"]
[EventDate "2021.11.12"]
[EventType "swiss"]
[EventRounds "6"]
[EventCountry "CAN"]

1. e4 c5 2. Nf3 g6 3. c4 Nc6 4. d4 cxd4 5. Nxd4 Nf6 6. Nc3 Nxd4 7. Qxd4 d6 8.
Be3 Bg7 9. Qd2 Ng4 10. Bf4 Be6 11. f3 Ne5 12. Nd5 Nc6 13. Rc1 O-O 14. b4 Rc8
15. b5 Nb8 16. Be2 Nd7 17. O-O Nb6 18. Be3 Nxd5 19. cxd5 Bd7 20. Bxa7 b6 21.
Rxc8 Bxc8 22. Qe3 Bh6 23. Qf2 Qc7 24. Bxb6 Qc2 25. a4 Qxa4 26. Be3 Bg7 27. Rb1
Bb7 28. Qe1 Rc8 29. Rc1 Qa3 30. Rxc8+ Bxc8 31. Qc1 Qxc1+ 32. Bxc1 Kf8 33. Be3
e6 34. Bc4 Ke7 35. b6 Bb7 36. Kf2 Bf6 37. Ke2 Kd7 38. Bb5+ Kc8 39. Bc6 exd5 40.
exd5 Bd8 41. Kd3 Ba6+ 42. Kc3 g5 43. g3 h5 44. f4 f6 45. fxg5 fxg5 46. Kd2 Bf6
47. Ke1 h4 48. Kf2 g4 49. Ke1 Be7 50. Kf2 Bf6 51. Kg1 hxg3 52. hxg3 Be5 53. Kf2
Bc3 54. Kg2 Ba5 55. Bd4 Bb4 56. Kf2 Bd2 57. Be3 Bc3 58. Kg2 Bb4 59. Be8 Bc4 60.
Bf7 Kb7 61. Kf2 Ba5 62. Bd4 Bxb6 63. Ke3 Bxd4+ 64. Kxd4 Be2 65. Ke3 Bf3 66. Kf4
Kb6 67. Be6 Kc5 68. Bxg4 Bxd5 69. Bf5 Bg8 1/2-1/2

[Event "Banff op"]
[Site "Banff CAN"]
[Date "2021.11.14"]
[Round "6.21"]
[White "Chen, Ricky"]
[Black "Zacharias, Nicholas"]
[Result "0-1"]
[WhiteElo "1654"]
[BlackElo "1591"]
[PlyCount "52"]
[EventDate "2021.11.12"]
[EventType "swiss"]
[EventRounds "6"]
[EventCountry "CAN"]

1. e4 g6 2. d4 Bg7 3. Nf3 c5 4. Be3 Nc6 5. c4 Qb6 6. Nc3 Qxb2 7. Na4 Qb4+ 8.
Bd2 Qa3 9. Rb1 cxd4 10. c5 Qxa2 11. Ra1 Qe6 12. Ng5 Qf6 13. Nb6 d3 14. Ra2 Rb8
15. Nd5 Qd4 16. Bc3 Qc4 17. Bxg7 Qxa2 18. Bxh8 f6 19. Nf3 Qa5+ 20. Nd2 e6 21.
Nxf6+ Nxf6 22. Bxf6 Nb4 23. f3 Qxc5 24. Nb3 Qe3+ 25. Be2 dxe2 26. Qd6 Nc2# 0-1

[Event "Banff op"]
[Site "Banff CAN"]
[Date "2021.11.14"]
[Round "6.22"]
[White "May, Liam"]
[Black "Dunne, Eoin"]
[Result "1/2-1/2"]
[WhiteElo "1811"]
[BlackElo "1546"]
[PlyCount "80"]
[EventDate "2021.11.12"]
[EventType "swiss"]
[EventRounds "6"]
[EventCountry "CAN"]

1. Nf3 Nf6 2. c4 e6 3. g3 Be7 4. Bg2 d5 5. b3 Nbd7 6. Qc2 c6 7. d4 O-O 8. c5
Re8 9. O-O h6 10. Bf4 Nh5 11. Be5 Nxe5 12. Nxe5 Nf6 13. Nd2 Nd7 14. Ndf3 Bf6
15. Ng4 e5 16. e3 e4 17. Nd2 Be7 18. h3 Bg5 19. Rae1 f5 20. Nh2 Nf8 21. f4 exf3
22. Rxf3 Qc7 23. h4 Bf6 24. Ref1 f4 25. Rxf4 Rxe3 26. Ndf3 Bd7 27. Qf2 Rae8 28.
Ne5 Bxe5 29. Rxf8+ Rxf8 30. Qxf8+ Kh7 31. dxe5 Qxe5 32. Qf4 Qc3 33. Qd6 Be6 34.
Nf3 Re2 35. Qe7 Qb2 36. Ne1 Qxa2 37. Qf8 Qc2 38. Qf4 Qc3 39. b4 Rxe1 40. Rxe1
Qxe1+ 1/2-1/2

[Event "Banff op"]
[Site "Banff CAN"]
[Date "2021.11.14"]
[Round "6.23"]
[White "Carroll, Billy"]
[Black "Green, Jason"]
[Result "0-1"]
[WhiteElo "1236"]
[BlackElo "1829"]
[PlyCount "108"]
[EventDate "2021.11.12"]
[EventType "swiss"]
[EventRounds "6"]
[EventCountry "CAN"]

1. e4 c5 2. Bc4 Nc6 3. c3 e6 4. Ne2 Nf6 5. d3 d5 6. exd5 exd5 7. Bb5 Bd6 8. h3
h6 9. O-O O-O 10. Re1 Qc7 11. g3 Bxh3 12. Nf4 Bd7 13. Qf3 Ne5 14. Rxe5 Bxe5 15.
Na3 a6 16. Bxd7 Qxd7 17. Nc2 Rfe8 18. d4 cxd4 19. cxd4 Bc7 20. Nd3 Ne4 21. Be3
Rad8 22. Kg2 Re6 23. Nc5 Nxc5 24. dxc5 Rf6 25. Qh5 Qf5 26. Qxf5 Rxf5 27. Nd4
Rf6 28. Rh1 Be5 29. f4 Bxd4 30. Bxd4 Re6 31. g4 Re4 32. Rd1 Rxf4 33. Kg3 Re4
34. b4 f6 35. a4 Kf7 36. Kf3 Re6 37. b5 axb5 38. axb5 Kg6 39. Rc1 Rc8 40. c6
bxc6 41. b6 Rb8 42. Rb1 Rb7 43. Bc5 Re8 44. Rc1 Reb8 45. Rb1 f5 46. Re1 fxg4+
47. Kxg4 Rxb6 48. Bxb6 Rxb6 49. Re6+ Kf7 50. Kf5 Rb8 51. Rxc6 Rd8 52. Rc7+ Kg8
53. Kg6 Rd6+ 54. Kh5 d4 0-1

[Event "Banff op"]
[Site "Banff CAN"]
[Date "2021.11.14"]
[Round "6.24"]
[White "Lu, Kevin"]
[Black "Tran, Tri"]
[Result "1/2-1/2"]
[WhiteElo "1709"]
[BlackElo "1694"]
[PlyCount "63"]
[EventDate "2021.11.12"]
[EventType "swiss"]
[EventRounds "6"]
[EventCountry "CAN"]

1. e4 c5 2. Nf3 d6 3. d4 cxd4 4. Qxd4 Nc6 5. Bb5 Bd7 6. Bxc6 Bxc6 7. Nc3 Nf6 8.
O-O g6 9. Nd5 Bg7 10. Qd3 O-O 11. Nxf6+ Bxf6 12. Bh6 Bg7 13. Qe3 Qc7 14. Bxg7
Kxg7 15. Nd4 Bd7 16. c3 a6 17. f4 Rac8 18. f5 Qc5 19. Rf3 Qe5 20. Rh3 h5 21. g4
h4 22. Rxh4 Rh8 23. Rxh8 Rxh8 24. Nf3 Qb5 25. Qd4+ Kg8 26. c4 Qc6 27. Ng5 Rh4
28. h3 f6 29. Nf3 Rxh3 30. Kg2 Rh8 31. Rh1 Rxh1 32. Kxh1 1/2-1/2

[Event "Banff op"]
[Site "Banff CAN"]
[Date "2021.11.14"]
[Round "6.29"]
[White "Hendi, Mickail"]
[Black "Tolentino, Avelino"]
[Result "1-0"]
[WhiteElo "718"]
[BlackElo "1823"]
[PlyCount "81"]
[EventDate "2021.11.12"]
[EventType "swiss"]
[EventRounds "6"]
[EventCountry "CAN"]

1. e4 e6 2. d4 b6 3. c4 Nf6 4. Nc3 Bb4 5. Bd3 Bxc3+ 6. bxc3 Nc6 7. e5 Ng8 8.
Nf3 Nge7 9. O-O Ba6 10. Qc2 h6 11. Be3 Na5 12. Nd2 Qc8 13. a4 d6 14. f4 Qd7 15.
Rab1 Qc8 16. Rb4 Qd7 17. Nb3 Nac6 18. Rb5 Bxb5 19. axb5 Nd8 20. Be4 d5 21. cxd5
exd5 22. Bd3 g6 23. Nd2 Nf5 24. Bf2 Ne6 25. g4 Ne7 26. Be3 c5 27. f5 gxf5 28.
gxf5 Rg8+ 29. Kh1 Nc7 30. dxc5 Nxb5 31. f6 Ng6 32. Rb1 Na3 33. Qb3 Nc4 34. Nxc4
dxc4 35. Bxc4 Nxe5 36. Bb5 Nc6 37. Rd1 Qb7 38. Rd6 Rc8 39. Qa4 Kf8 40. Bxh6+
Ke8 41. Qe4+ 1-0

[Event "Banff op U1800"]
[Site "Banff CAN"]
[Date "2021.11.12"]
[Round "1.31"]
[White "Sayegh, Mike"]
[Black "Ali, Husain"]
[Result "1-0"]
[WhiteElo "1180"]
[BlackElo "1742"]
[PlyCount "95"]
[EventDate "2021.11.12"]
[EventType "swiss"]
[EventRounds "6"]
[EventCountry "CAN"]

1. e4 e5 2. Nf3 Nc6 3. Bc4 Be7 4. Nc3 Nf6 5. d3 O-O 6. O-O d6 7. Be3 h6 8. d4
Bg4 9. Be2 Nh7 10. h3 Bxf3 11. Bxf3 exd4 12. Bxd4 Nxd4 13. Qxd4 Bf6 14. Qd3 Re8
15. Rfe1 Be5 16. Nd5 Ng5 17. Bg4 c6 18. f4 cxd5 19. fxe5 Rxe5 20. exd5 Qb6+ 21.
Kh2 Rae8 22. Rxe5 Rxe5 23. b3 Ne4 24. Rf1 Nf6 25. Bf3 Qa5 26. a4 Qc5 27. c4 Re3
28. Qf5 Re5 29. Qd3 Qe3 30. Qxe3 Rxe3 31. b4 Rc3 32. Be2 b6 33. a5 bxa5 34. b5
Ne4 35. Ra1 Nd2 36. Rxa5 Nxc4 37. Bxc4 Rxc4 38. Rxa7 Rb4 39. Rb7 Kf8 40. Kg3
Rd4 41. b6 Rb4 42. Kf3 f5 43. Ke3 f4+ 44. Kf3 h5 45. Rb8+ Kf7 46. Rd8 Ke7 47.
Rb8 g6 48. b7 1-0

[Event "Banff op U1800"]
[Site "Banff CAN"]
[Date "2021.11.12"]
[Round "1.32"]
[White "Reuter, Gerhard"]
[Black "Cowan, Brennan"]
[Result "1-0"]
[WhiteElo "1713"]
[BlackElo "1178"]
[PlyCount "95"]
[EventDate "2021.11.12"]
[EventType "swiss"]
[EventRounds "6"]
[EventCountry "CAN"]

1. e4 c5 2. Nf3 d6 3. d4 cxd4 4. Nxd4 Nf6 5. Nc3 a6 6. Bc4 e6 7. Bb3 Be7 8. Be3
Nbd7 9. Bxe6 Nc5 10. Bxc8 Rxc8 11. f3 O-O 12. O-O Qb6 13. Nb3 Qc7 14. Rf2 Rfd8
15. Rd2 b5 16. Nxc5 dxc5 17. Nd5 Nxd5 18. Rxd5 Rxd5 19. Qxd5 Rd8 20. Qf5 g6 21.
Qg4 Bf6 22. c3 Rd3 23. Re1 c4 24. Qg3 Be5 25. f4 Bd6 26. Qf2 Rxe3 27. Rxe3 Bc5
28. Qf3 Qb6 29. Kf2 Qa5 30. a3 Qa4 31. Qe2 Qa5 32. Qd2 Qc7 33. g3 Bxe3+ 34.
Kxe3 Kf8 35. Qd4 Ke7 36. h3 Qd7 37. Qxd7+ Kxd7 38. g4 Kd6 39. g5 Kc5 40. f5
gxf5 41. e5 Kd5 42. Kf4 Ke6 43. h4 a5 44. h5 a4 45. h6 f6 46. gxf6 b4 47. axb4
Kd5 48. f7 1-0

[Event "Banff op U1800"]
[Site "Banff CAN"]
[Date "2021.11.12"]
[Round "1.33"]
[White "Atwood, Matthew"]
[Black "McGinnis, Paul"]
[Result "1-0"]
[WhiteElo "1175"]
[BlackElo "1702"]
[PlyCount "37"]
[EventDate "2021.11.12"]
[EventType "swiss"]
[EventRounds "6"]
[EventCountry "CAN"]

1. c4 e5 2. Nc3 c5 3. Nf3 Nc6 4. g3 g6 5. Bg2 Nf6 6. d3 Bg7 7. Bg5 d6 8. O-O
O-O 9. Nd5 Be6 10. Nxf6+ Bxf6 11. Bxf6 Qxf6 12. Nd2 Qe7 13. a3 Rac8 14. Rb1 f5
15. e3 f4 16. exf4 exf4 17. Re1 Qd7 18. Rxe6 Qxe6 19. Bd5 1-0

[Event "Banff op U1800"]
[Site "Banff CAN"]
[Date "2021.11.12"]
[Round "1.34"]
[White "Ancheta, Rodelio Gallard"]
[Black "Jackson, Mateo"]
[Result "1-0"]
[WhiteElo "1658"]
[BlackElo "1157"]
[PlyCount "97"]
[EventDate "2021.11.12"]
[EventType "swiss"]
[EventRounds "6"]
[EventCountry "CAN"]

1. d4 Nf6 2. c4 c5 3. d5 b5 4. e3 d6 5. Nf3 bxc4 6. Bxc4 Ba6 7. Qe2 Nxd5 8. O-O
Bxc4 9. Qxc4 Nb6 10. Qg4 g6 11. Nc3 Bg7 12. e4 Qd7 13. Qg3 O-O 14. h4 Nc6 15.
Re1 Nc4 16. Nd2 Be5 17. f4 Bd4+ 18. Kh1 Nxd2 19. Bxd2 Nb4 20. Rac1 c4 21. Ne2
Nd3 22. Nxd4 Nxe1 23. Rxe1 d5 24. exd5 Qxd5 25. Bc3 Rfe8 26. f5 e5 27. fxe6
fxe6 28. Re5 Qd6 29. h5 Kg7 30. Nxe6+ Kg8 31. hxg6 h6 32. Qe3 Qd1+ 33. Kh2 Rxe6
34. Rxe6 Qh5+ 35. Kg1 Rf8 36. Re8 Qxg6 37. Rxf8+ Kxf8 38. Bb4+ Kg8 39. Bc3 Qh5
40. Qg3+ Kf7 41. Qf3+ Qxf3 42. gxf3 Kg6 43. Kg2 Kf5 44. Kg3 h5 45. f4 h4+ 46.
Kf3 h3 47. Bd4 a6 48. Be5 a5 49. Kg3 1-0

[Event "Banff op U1800"]
[Site "Banff CAN"]
[Date "2021.11.12"]
[Round "1.35"]
[White "Landon, Matthew"]
[Black "Maheux, Pierre"]
[Result "0-1"]
[WhiteElo "1136"]
[BlackElo "1627"]
[PlyCount "65"]
[EventDate "2021.11.12"]
[EventType "swiss"]
[EventRounds "6"]
[EventCountry "CAN"]

1. e4 c5 2. d4 cxd4 3. c3 dxc3 4. Nxc3 Nc6 5. Bc4 e6 6. Qe2 Nd4 7. Qd3 Nc6 8.
Nf3 d6 9. O-O Be7 10. Re1 Nf6 11. Bg5 h6 12. Bh4 a6 13. a4 Bd7 14. Bg3 e5 15.
Nd5 Nxd5 16. Bxd5 O-O 17. h4 Qb6 18. Qd2 Qb4 19. Qc2 Na5 20. h5 Rac8 21. Qd3
Be6 22. Re2 Bxd5 23. exd5 Nb3 24. Re4 Qb6 25. Rg4 Nxa1 26. Qd2 f5 27. Rg6 f4
28. Qd3 Rc1+ 29. Kh2 fxg3+ 30. Kxg3 Rf6 31. Rxf6 Bxf6 32. Qg6 Qd8 33. Qf5 0-1

[Event "Banff op U1800"]
[Site "Banff CAN"]
[Date "2021.11.12"]
[Round "1.36"]
[White "Funk, Andrew"]
[Black "Drury, Kade"]
[Result "1-0"]
[WhiteElo "1623"]
[BlackElo "1098"]
[PlyCount "48"]
[EventDate "2021.11.12"]
[EventType "swiss"]
[EventRounds "6"]
[EventCountry "CAN"]

1. d4 g6 2. Nf3 Bg7 3. c4 Nf6 4. g3 d5 5. Bg2 O-O 6. O-O dxc4 7. Nc3 e6 8. e4
Nc6 9. Bf4 Nh5 10. Be3 e5 11. d5 Nb8 12. Qa4 c6 13. Rfd1 b5 14. Qc2 Qf6 15. Bg5
Qd6 16. dxc6 Qxc6 17. Nd5 Qb7 18. a4 a6 19. Nxe5 Bxe5 20. f4 f6 21. Bh6 Bxb2
22. Qxb2 Qa7+ 23. Kh1 Re8 24. axb5 Nd7 1-0

[Event "Banff op U1800"]
[Site "Banff CAN"]
[Date "2021.11.12"]
[Round "1.37"]
[White "Chatterjee, Kinjal"]
[Black "Drury, Jonathan"]
[Result "0-1"]
[WhiteElo "1087"]
[BlackElo "1616"]
[PlyCount "80"]
[EventDate "2021.11.12"]
[EventType "swiss"]
[EventRounds "6"]
[EventCountry "CAN"]

1. e4 c5 2. Nf3 e6 3. e5 Nc6 4. Nc3 a6 5. b3 b5 6. d3 Qc7 7. Qe2 Nge7 8. g3 Ng6
9. Bg2 Bb7 10. a4 b4 11. Ne4 Ncxe5 12. Nxe5 Qxe5 13. Rb1 d5 14. f4 Qc7 15. Ng5
Be7 16. f5 exf5 17. Bf4 Nxf4 18. gxf4 Qxf4 19. Nh3 Qd6 20. O-O O-O 21. Rxf5
Rae8 22. Re1 Bc6 23. Qf3 Bf6 24. Rf1 Bd4+ 25. Kh1 f6 26. Nf4 Re5 27. Nh5 Rxf5
28. Qxf5 Qe5 29. Qg4 f5 30. Qh4 g6 31. Re1 Qd6 32. Qg5 Bf6 33. Qh6 gxh5 34. Re3
f4 35. Rh3 Qe5 36. Bf3 Rf7 37. Bxh5 Qe1+ 38. Kg2 Rg7+ 39. Kf3 d4+ 40. Kxf4 Qe5#
0-1

[Event "Banff op U1800"]
[Site "Banff CAN"]
[Date "2021.11.12"]
[Round "1.38"]
[White "Byun, Jae Hyun"]
[Black "Ovechkin, Ilya"]
[Result "1-0"]
[WhiteElo "1586"]
[BlackElo "1083"]
[PlyCount "61"]
[EventDate "2021.11.12"]
[EventType "swiss"]
[EventRounds "6"]
[EventCountry "CAN"]

1. e4 e5 2. Nc3 Nf6 3. f4 d6 4. Nf3 Nc6 5. Bb5 Bd7 6. fxe5 Nxe5 7. Bxd7+ Qxd7
8. d4 Nxf3+ 9. Qxf3 O-O-O 10. O-O d5 11. e5 Ng4 12. h3 Nh6 13. Bxh6 gxh6 14.
Qxf7 Bb4 15. Qxd7+ Rxd7 16. Rf6 c5 17. dxc5 Bxc5+ 18. Kh1 Be3 19. Rd6 d4 20.
Ne4 Bf4 21. Rxd7 Kxd7 22. Nc5+ Kc6 23. Nd3 Be3 24. Re1 Re8 25. c3 a5 26. cxd4
Bxd4 27. Re4 Kd5 28. Rh4 Re6 29. Nf4+ Kxe5 30. Nxe6 Kxe6 31. Rxd4 1-0

[Event "Banff op U1800"]
[Site "Banff CAN"]
[Date "2021.11.12"]
[Round "1.39"]
[White "Nguyen, Justin"]
[Black "Wolfram, Ben"]
[Result "0-1"]
[WhiteElo "992"]
[BlackElo "1478"]
[PlyCount "106"]
[EventDate "2021.11.12"]
[EventType "swiss"]
[EventRounds "6"]
[EventCountry "CAN"]

1. e4 c6 2. d4 d5 3. Nc3 dxe4 4. Nxe4 Nf6 5. Nd2 Qxd4 6. Ngf3 Qb6 7. Bd3 Bg4 8.
h3 Bh5 9. g4 Bg6 10. b3 Bxd3 11. cxd3 e6 12. Nc4 Qd8 13. Bb2 Bb4+ 14. Kf1 O-O
15. g5 Nd5 16. a3 Bc3 17. Qc2 Bxb2 18. Qxb2 Nd7 19. h4 f6 20. Re1 fxg5 21. h5
Qf6 22. Qxf6 Rxf6 23. Nxg5 Nc5 24. d4 Nxb3 25. Re4 b5 26. Ne5 Nd2+ 27. Ke2 Nxe4
28. Nxe4 Rf5 29. Nxc6 a6 30. Nc5 Rc8 31. Ne5 Rxe5+ 32. dxe5 Rxc5 33. Kd3 Rc3+
34. Kd4 Rxa3 35. Kc5 b4 36. Kd6 Kf7 37. h6 g6 38. Rd1 Rf3 39. Ra1 Ra3 40. Rd1
a5 41. Rxd5 exd5 42. Kd7 Ra2 43. f4 Re2 44. Kd6 b3 45. f5 gxf5 46. Kc5 b2 47.
e6+ Rxe6 48. Kd4 Re4+ 49. Kc5 b1=Q 50. Kc6 Qc2+ 51. Kb6 Rb4+ 52. Ka6 Qc6+ 53.
Ka7 Qb7# 0-1

[Event "Banff op U1800"]
[Site "Banff CAN"]
[Date "2021.11.12"]
[Round "1.40"]
[White "Viminitz, Paul"]
[Black "Stefanov, Marko"]
[Result "1/2-1/2"]
[WhiteElo "1454"]
[BlackElo "922"]
[PlyCount "63"]
[EventDate "2021.11.12"]
[EventType "swiss"]
[EventRounds "6"]
[EventCountry "CAN"]

1. Nf3 d6 2. g3 e5 3. d3 Nc6 4. Bg2 Bg4 5. O-O Nf6 6. b3 Qd7 7. Bb2 O-O-O 8.
Nbd2 Be7 9. Ng5 Rdf8 10. f3 Bh5 11. Bh3 Bg4 12. Bxg4 Nxg4 13. fxg4 Bxg5 14. e4
h5 15. gxh5 Qh3 16. Qe2 Nd4 17. Bxd4 exd4 18. Nf3 Be3+ 19. Kh1 Rxh5 20. Qg2
Rfh8 21. Qxh3+ Rxh3 22. Kg2 g5 23. Rh1 g4 24. Nh4 Bg5 25. Nf5 Kd7 26. Nxd4 Bf6
27. c3 c5 28. Ne2 Re8 29. Raf1 Rh6 30. Rf4 Rg6 31. d4 Ke7 32. dxc5 1/2-1/2

[Event "Banff op U1800"]
[Site "Banff CAN"]
[Date "2021.11.12"]
[Round "1.41"]
[White "Ratte, James"]
[Black "Zhang, James"]
[Result "0-1"]
[WhiteElo "913"]
[BlackElo "1400"]
[PlyCount "136"]
[EventDate "2021.11.12"]
[EventType "swiss"]
[EventRounds "6"]
[EventCountry "CAN"]

1. e4 c5 2. Nf3 d6 3. Nc3 g6 4. Be2 Bg7 5. d3 e6 6. Bd2 Ne7 7. a3 Nbc6 8. O-O
O-O 9. Qe1 Bd7 10. Qc1 Re8 11. Bh6 Bh8 12. Ng5 d5 13. Bf3 d4 14. Ne2 Ne5 15. c3
Nxd3 16. Qd2 Ne5 17. cxd4 cxd4 18. Nxd4 N7c6 19. Nxc6 Bxc6 20. Qxd8 Raxd8 21.
Rad1 Nxf3+ 22. Nxf3 Bxe4 23. Rxd8 Rxd8 24. b4 f5 25. Ng5 Bd5 26. Re1 Rc8 27. h3
Rc6 28. b5 Rd6 29. Rd1 Bg7 30. Bxg7 Kxg7 31. Nxe6+ Rxe6 32. Rxd5 Re7 33. a4 Kf6
34. f4 Ke6 35. Re5+ Kd6 36. Rxe7 Kxe7 37. Kf2 Kd6 38. Ke3 Kc5 39. Kf3 Kb4 40.
Kg3 Kxa4 41. Kh4 Kxb5 42. g4 fxg4 43. Kxg4 a5 44. Kg5 a4 45. Kh6 a3 46. Kxh7 a2
47. Kxg6 a1=Q 48. f5 Qh1 49. f6 Qxh3 50. f7 Qf3 51. Kg7 Kc4 52. f8=Q Qxf8+ 53.
Kxf8 b5 54. Ke7 b4 55. Ke6 b3 56. Kf5 b2 57. Kf4 b1=Q 58. Ke5 Qd3 59. Ke6 Qd4
60. Kf5 Qe3 61. Kf6 Qe4 62. Kg7 Qe6 63. Kh7 Qg4 64. Kh8 Qg5 65. Kh7 Kd5 66. Kh8
Ke6 67. Kh7 Kf7 68. Kh8 Qg8# 0-1

[Event "Banff op U1800"]
[Site "Banff CAN"]
[Date "2021.11.12"]
[Round "1.42"]
[White "Bruneau, Gilles"]
[Black "Ding, Amy"]
[Result "1-0"]
[WhiteElo "1400"]
[BlackElo "866"]
[PlyCount "149"]
[EventDate "2021.11.12"]
[EventType "swiss"]
[EventRounds "6"]
[EventCountry "CAN"]

1. d4 d5 2. Bf4 Bf5 3. e3 Nf6 4. h3 e6 5. Bd3 Be4 6. Bxe4 Nxe4 7. Nf3 Nc6 8.
O-O Bd6 9. Bxd6 cxd6 10. Nbd2 Ng5 11. c4 dxc4 12. Nxc4 Nxf3+ 13. Qxf3 d5 14.
Nd2 Qf6 15. Qg3 Ne7 16. Rac1 Nf5 17. Qh2 O-O 18. Rc7 Rfb8 19. Nf3 b6 20. Rxa7
Rf8 21. Rxa8 Rxa8 22. Qc7 Qd8 23. Rc1 Nd6 24. Qxd8+ Rxd8 25. Ne5 h6 26. Rc7 Re8
27. Ra7 Nc4 28. Nxc4 dxc4 29. Rb7 Ra8 30. a3 Ra6 31. Kf1 c3 32. bxc3 Rxa3 33.
Rxb6 Rxc3 34. Ke2 Rc2+ 35. Kf3 Kh7 36. h4 h5 37. Rb5 g6 38. Rc5 Ra2 39. e4 Ra3+
40. Ke2 Ra2+ 41. Ke3 Ra3+ 42. Kd2 Kg7 43. d5 exd5 44. exd5 Ra2+ 45. Ke3 Ra3+
46. Kf4 Ra4+ 47. Ke5 Ra1 48. Rc2 Re1+ 49. Kd6 Rd1 50. Re2 Rh1 51. g3 Kh6 52.
Ke7 g5 53. hxg5+ Kxg5 54. d6 Ra1 55. d7 Ra7 56. Ke8 Rxd7 57. Kxd7 Kg4 58. Re4+
Kf3 59. Rf4+ Kg2 60. Rxf7 Kh3 61. Rf4 Kg2 62. Ke6 Kh3 63. Kf5 Kg2 64. Kg5 Kh3
65. Kxh5 Kg2 66. g4 Kf1 67. g5 Ke2 68. g6 Kf1 69. g7 Ke2 70. g8=Q Kf1 71. Qc4+
Kg2 72. Rg4+ Kf3 73. Qe4+ Kxf2 74. Rg2+ Kf1 75. Qf3+ 1-0

[Event "Banff op U1800"]
[Site "Banff CAN"]
[Date "2021.11.12"]
[Round "1.43"]
[White "Gokhale, Tanishka"]
[Black "Mantla, Harrison"]
[Result "1-0"]
[WhiteElo "812"]
[BlackElo "1387"]
[PlyCount "59"]
[EventDate "2021.11.12"]
[EventType "swiss"]
[EventRounds "6"]
[EventCountry "CAN"]

1. e4 d6 2. d4 Nf6 3. Nc3 g6 4. Be3 Bg7 5. Nf3 Nc6 6. d5 Ne5 7. Nxe5 dxe5 8.
Bd3 c6 9. dxc6 bxc6 10. O-O Bg4 11. f3 Be6 12. Na4 O-O 13. Nc5 Qb6 14. Qc1 Bh6
15. Bxh6 Qxc5+ 16. Kh1 Rfd8 17. Qg5 Bc4 18. Bxc4 Qxc4 19. Qxe5 Qxc2 20. Qxe7
Qxb2 21. Rab1 Qd4 22. Rb7 Rd7 23. Rxd7 Nxd7 24. h3 c5 25. f4 Nf6 26. Re1 Re8
27. Qb7 Nxe4 28. Kh2 c4 29. Qc6 Re6 30. Qc8+ 1-0

[Event "Banff op U1800"]
[Site "Banff CAN"]
[Date "2021.11.12"]
[Round "1.44"]
[White "Ratte, Daniel"]
[Black "Hendi, Mickail"]
[Result "1-0"]
[WhiteElo "1369"]
[BlackElo "718"]
[PlyCount "29"]
[EventDate "2021.11.12"]
[EventType "swiss"]
[EventRounds "6"]
[EventCountry "CAN"]

1. e4 e5 2. Nf3 Nc6 3. d4 exd4 4. Nxd4 Nf6 5. Nc3 Bb4 6. Bg5 O-O 7. Nxc6 bxc6
8. Qf3 Nxe4 9. Bxd8 Rxd8 10. Qxe4 Bd6 11. Bd3 Bb7 12. Qxh7+ Kf8 13. O-O a5 14.
Rfe1 Re8 15. Qh8# 1-0